[Event "Hastings Masters 2022/23"]
[Site "Hastings"]
[Date "2022.12.31"]
[Round "4.7"]
[White "Anand, Batsukh"]
[Black "Gormally, Daniel W"]
[Result "0-1"]
[WhiteElo "2203"]
[BlackElo "2450"]
[PlyCount "158"]
[EventDate "2022.12.28"]
[EventType "swiss"]
[EventRounds "10"]
[EventCountry "ENG"]

1. d4 d5 2. c4 c6 3. Nf3 Nf6 4. g3 Bg4 5. Ne5 Bh5 6. Bg2 e6 7. O-O Nbd7 8. Bf4
Nxe5 9. dxe5 Nd7 10. cxd5 exd5 11. Nc3 Be7 12. Rc1 O-O 13. Bh3 Nc5 14. Be3 Ne6
15. Bxe6 fxe6 16. Na4 Be8 17. Nc5 Qc8 18. b4 b6 19. Nd3 Qd7 20. Bd4 Bg6 21. Qa4
Rfc8 22. Nf4 Bf5 23. Rfd1 a5 24. bxa5 Rxa5 25. Qb3 Rb5 26. Qf3 Ra8 27. Bc3 Qe8
28. g4 Be4 29. Qg3 Bg5 30. h4 Bxf4 31. Qxf4 Rxa2 32. f3 Rxe2 33. fxe4 Rxe4 34.
Qf3 Qg6 35. Rd4 Rxd4 36. Bxd4 h5 37. g5 c5 38. Bf2 Ra5 39. Qb3 Qe4 40. Re1 Qg4+
41. Kh2 Qf4+ 42. Kg2 Ra4 43. Re3 Ra1 44. Qb2 Qg4+ 45. Bg3 Rd1 46. Qf2 Rc1 47.
Qe2 Qf5 48. Rf3 Rc2 49. Rxf5 Rxe2+ 50. Kf1 Re3 51. Bf2 exf5 52. Bxe3 Kf7 53.
Ke2 Ke6 54. Bf4 g6 55. Kd3 b5 56. Kc3 d4+ 57. Kb3 Kd5 58. Bh2 c4+ 59. Kb4 c3
60. Bf4 c2 61. Kb3 c1=Q 62. Bxc1 Kxe5 63. Kc2 Ke4 64. Kd2 f4 65. Ba3 f3 66. Bc5
Kd5 67. Bf8 Kc4 68. Ke1 Kc3 69. Kf2 d3 70. Kxf3 d2 71. Bg7+ Kc2 72. Ke4 d1=Q
73. Bd4 Qg4+ 74. Kd5 Qxh4 75. Bf6 b4 76. Ke6 Qe4+ 77. Kf7 h4 78. Kg7 h3 79. Kh8
h2 0-1

[Event "Hastings Masters 2022/23"]
[Site "Hastings"]
[Date "2022.12.31"]
[Round "4.8"]
[White "Korpa, Bence"]
[Black "Ledger, Andrew J"]
[Result "1/2-1/2"]
[WhiteElo "2516"]
[BlackElo "2314"]
[PlyCount "67"]
[EventDate "2022.12.28"]
[EventType "swiss"]
[EventRounds "10"]
[EventCountry "ENG"]

1. d4 Nf6 2. Nc3 d5 3. Bf4 c5 4. e3 cxd4 5. exd4 a6 6. Nf3 Nc6 7. Ne5 Bd7 8.
Ne2 e6 9. c3 Rc8 10. Ng3 Nxe5 11. Bxe5 Be7 12. Bd3 O-O 13. h4 Bb5 14. Bb1 Nd7
15. a4 Bc6 16. Bf4 Re8 17. h5 Bg5 18. Bxg5 Qxg5 19. Qd2 h6 20. Qxg5 hxg5 21. a5
f5 22. Ne2 Nf6 23. Ng1 e5 24. Bxf5 exd4+ 25. Kd1 dxc3 26. bxc3 Ne4 27. Bxe4
dxe4 28. Rh3 e3 29. Rxe3 Rxe3 30. fxe3 Bxg2 31. Ra4 Rxc3 32. Rg4 Bc6 33. Rxg5
Rxe3 34. h6 1/2-1/2

[Event "Hastings Masters 2022/23"]
[Site "Hastings"]
[Date "2022.12.31"]
[Round "4.9"]
[White "Hebden, Mark L"]
[Black "Okhai, Shabir"]
[Result "1-0"]
[WhiteElo "2448"]
[BlackElo "2149"]
[PlyCount "99"]
[EventDate "2022.12.28"]
[EventType "swiss"]
[EventRounds "10"]
[EventCountry "ENG"]

1. d4 Nf6 2. c4 e6 3. Nc3 c5 4. d5 exd5 5. cxd5 d6 6. e4 g6 7. f4 Bg7 8. Bb5+
Nfd7 9. Be2 Qh4+ 10. g3 Qd8 11. Nf3 O-O 12. O-O Na6 13. Kg2 Nc7 14. f5 gxf5 15.
exf5 Nf6 16. Bg5 b5 17. Nxb5 Nxb5 18. Bxb5 Rb8 19. Bd3 Rxb2+ 20. Kh3 Qa5 21.
Nd2 Qc3 22. Nc4 Rb4 23. Rc1 Qd4 24. Nxd6 Bd7 25. Bc4 Qe5 26. Bf4 Bxf5+ 27. Kh4
Qb2 28. Qd2 Bd7 29. Qxb2 Rxb2 30. h3 Ng4 31. Rb1 Rfb8 32. Rxb2 Rxb2 33. Bc1 Rh2
34. Bb5 Bxb5 35. Nxb5 Nf2 36. Kg5 Ne4+ 37. Kf4 Nf6 38. d6 a6 39. Nc7 Nd7 40.
Kf5 Rxa2 41. Re1 Bf8 42. Re7 Nb6 43. Re8 Rf2+ 44. Bf4 Kg7 45. Rb8 Nd7 46. Ne8+
Kg8 47. Nf6+ Nxf6 48. Kxf6 Rb2 49. d7 Kh8 50. Rxf8# 1-0

[Event "Hastings Masters 2022/23"]
[Site "Hastings"]
[Date "2022.12.31"]
[Round "4.10"]
[White "Davies, Nigel R"]
[Black "Ogunshola, Ben"]
[Result "1-0"]
[WhiteElo "2398"]
[BlackElo "2140"]
[PlyCount "85"]
[EventDate "2022.12.28"]
[EventType "swiss"]
[EventRounds "10"]
[EventCountry "ENG"]

1. d4 d6 2. Nf3 Nf6 3. c4 g6 4. Nc3 Bg7 5. e4 O-O 6. Be2 Na6 7. O-O e5 8. d5
Nc5 9. Qc2 a5 10. Bg5 Qd7 11. Nd2 Ng4 12. Nb3 b6 13. Nxc5 bxc5 14. h3 Nf6 15.
Rae1 h6 16. Bd2 Qd8 17. Qc1 Kh7 18. Bd1 Bd7 19. f4 Ng8 20. f5 Qe7 21. Rf2 Bf6
22. Ref1 Kg7 23. Ba4 Bxa4 24. Nxa4 Qd8 25. b3 Qb8 26. Rf3 Qd8 27. Qe1 Ra7 28.
Bxa5 Ne7 29. Bd2 g5 30. Nc3 Rh8 31. Rg3 Kf8 32. Qe2 Nc8 33. a4 Nb6 34. Nb5 Rb7
35. a5 Na8 36. Ra1 h5 37. Ra4 Rb8 38. Na7 Rb7 39. Nc6 Qc8 40. Ra3 h4 41. Rxg5
Ke8 42. Qg4 Kd7 43. Rg6 1-0

[Event "Hastings Masters 2022/23"]
[Site "Hastings"]
[Date "2022.12.31"]
[Round "4.11"]
[White "Villiers, Thomas"]
[Black "Lalic, Bogdan"]
[Result "1/2-1/2"]
[WhiteElo "2141"]
[BlackElo "2392"]
[PlyCount "46"]
[EventDate "2022.12.28"]
[EventType "swiss"]
[EventRounds "10"]
[EventCountry "ENG"]

1. c4 Nf6 2. g3 c6 3. Nf3 d5 4. b3 Bf5 5. Bb2 e6 6. Bg2 h6 7. O-O Be7 8. d3 O-O
9. Nbd2 Bh7 10. Qc2 Nbd7 11. Rfe1 a5 12. a3 Qb8 13. e4 dxe4 14. Nxe4 Nxe4 15.
dxe4 Rd8 16. Rad1 Qc7 17. Nd4 Qb6 18. Kh1 Nf6 19. f3 Bxa3 20. Bxa3 Rxd4 21.
Rxd4 Qxd4 22. Rd1 Qb6 23. c5 Qc7 1/2-1/2

[Event "Hastings Masters 2022/23"]
[Site "Hastings"]
[Date "2022.12.31"]
[Round "4.12"]
[White "Bazakutsa, Svyatoslav"]
[Black "Eames, Robert S"]
[Result "1-0"]
[WhiteElo "2318"]
[BlackElo "2136"]
[PlyCount "57"]
[EventDate "2022.12.28"]
[EventType "swiss"]
[EventRounds "10"]
[EventCountry "ENG"]

1. c4 c5 2. Nf3 Nc6 3. d4 cxd4 4. Nxd4 Nf6 5. Nc3 e6 6. g3 Qb6 7. Nf3 Bb4 8.
Qc2 d5 9. cxd5 exd5 10. a3 Bxc3+ 11. Qxc3 d4 12. Qd3 O-O 13. Bg2 Re8 14. O-O
Ne4 15. b4 Nd6 16. Bb2 Bf5 17. Qd1 Nb5 18. Rc1 Rad8 19. Qd2 a5 20. bxa5 Nxa5
21. Qb4 d3 22. a4 dxe2 23. Rfe1 Bd3 24. axb5 Qxb5 25. Qxb5 Bxb5 26. Rc5 Bc6 27.
Rxa5 Rd1 28. Ra1 Red8 29. Nd4 1-0

[Event "Hastings Masters 2022/23"]
[Site "Hastings"]
[Date "2022.12.31"]
[Round "4.13"]
[White "Chan, Kim Yew"]
[Black "Pollack, Oscar"]
[Result "1-0"]
[WhiteElo "2289"]
[BlackElo "2112"]
[PlyCount "93"]
[EventDate "2022.12.28"]
[EventType "swiss"]
[EventRounds "10"]
[EventCountry "ENG"]

1. Nf3 Nf6 2. g3 g6 3. Bg2 Bg7 4. c4 O-O 5. d4 d6 6. Nc3 Nbd7 7. O-O e5 8. e4
a6 9. Re1 exd4 10. Nxd4 Ng4 11. h3 Qf6 12. Nf3 Nge5 13. Nxe5 Nxe5 14. Nd5 Qd8
15. Qc2 Be6 16. Be3 c5 17. Rad1 Nc6 18. Qd2 Nd4 19. Bg5 f6 20. Be3 Bxd5 21.
exd5 f5 22. Bf4 Kh8 23. b4 b5 24. Re6 bxc4 25. Rxd6 Qc8 26. bxc5 Qxc5 27. Rd7
Rfe8 28. Be3 c3 29. Qd3 Bf6 30. Kh2 c2 31. Rc1 Rac8 32. Rf7 Be5 33. Qd2 Qc4 34.
Bxd4 Qxd4 35. Rxc2 Rxc2 36. Qxc2 f4 37. Qc6 fxg3+ 38. fxg3 Bxg3+ 39. Kxg3 Qe5+
40. Kf3 Qe3+ 41. Kg4 h5+ 42. Kh4 Qe1+ 43. Kg5 Qg3+ 44. Kh6 Qe3+ 45. Kxg6 Qd3+
46. Rf5 Rf8 47. Qc3+ 1-0

[Event "Hastings Masters 2022/23"]
[Site "Hastings"]
[Date "2022.12.31"]
[Round "4.14"]
[White "Hryshchenko, Kamila"]
[Black "Bezuidenhout, Roland"]
[Result "0-1"]
[WhiteElo "2139"]
[BlackElo "2265"]
[PlyCount "84"]
[EventDate "2022.12.28"]
[EventType "swiss"]
[EventRounds "10"]
[EventCountry "ENG"]

1. e4 d6 2. d4 Nf6 3. Nc3 e5 4. Nf3 Nbd7 5. Bc4 Be7 6. O-O O-O 7. h3 a6 8. a4
b6 9. Be3 Bb7 10. d5 c6 11. dxc6 Bxc6 12. Qd3 Qc7 13. Rfe1 Qb7 14. Bg5 Nc5 15.
Qe3 b5 16. Bxf6 Bxf6 17. axb5 axb5 18. Bd5 Rxa1 19. Rxa1 Bd8 20. Rd1 Na4 21.
Nxa4 bxa4 22. Qa3 Be7 23. c3 Bxd5 24. Rxd5 Rb8 25. Ra5 Qxe4 26. Rxa4 Qb1+ 27.
Kh2 Qxb2 28. Qxb2 Rxb2 29. Ra7 Bf8 30. Kg1 f6 31. c4 Rc2 32. Ra4 Rc1+ 33. Kh2
Kf7 34. Ng1 Ke6 35. g3 Rc2 36. Kg2 g6 37. Nf3 Be7 38. h4 Bd8 39. Ne1 Rc3 40.
Rb4 Kd7 41. Kf1 Rc1 42. Ke2 Rxe1+ 0-1

[Event "Hastings Masters 2022/23"]
[Site "Hastings"]
[Date "2022.12.31"]
[Round "4.15"]
[White "Kueppers, Timo"]
[Black "Golding, James"]
[Result "1/2-1/2"]
[WhiteElo "2249"]
[BlackElo "2089"]
[PlyCount "55"]
[EventDate "2022.12.28"]
[EventType "swiss"]
[EventRounds "10"]
[EventCountry "ENG"]

1. c4 e6 2. g3 d5 3. Bg2 Nf6 4. d4 Be7 5. Nf3 c6 6. Qc2 O-O 7. O-O Nbd7 8. Nbd2
b6 9. e4 dxc4 10. Nxc4 Bb7 11. Bf4 c5 12. Rfe1 Nh5 13. Be3 Rc8 14. d5 exd5 15.
exd5 Bxd5 16. Rad1 Nhf6 17. Bg5 Rc7 18. Bxf6 Nxf6 19. Ng5 g6 20. Ne3 Rd7 21.
Nxd5 Nxd5 22. Bh3 Nb4 23. Rxd7 Nxc2 24. Rexe7 Qb8 25. Nxf7 Kg7 26. Rb7 Qxb7 27.
Rxb7 Rxf7 28. Bg2 1/2-1/2

[Event "Hastings Masters 2022/23"]
[Site "Hastings"]
[Date "2022.12.31"]
[Round "4.16"]
[White "Walker, Martin G"]
[Black "Zimmermann, Klemens"]
[Result "1-0"]
[WhiteElo "2100"]
[BlackElo "2247"]
[PlyCount "36"]
[EventDate "2022.12.28"]
[EventType "swiss"]
[EventRounds "10"]
[EventCountry "ENG"]

1. e4 c5 2. Nf3 e6 3. d4 cxd4 4. Nxd4 a6 5. Nc3 Qc7 6. Be3 Nf6 7. f3 b5 8. a3
Bb7 9. Be2 d5 10. exd5 Nxd5 11. Nxd5 Bxd5 12. O-O Nd7 13. Qd2 Nb6 14. Qa5 Qe5
15. Bf2 Bd6 16. f4 Qxf4 17. g3 Nc4 18. Bxc4 Qe4 1-0

[Event "Hastings Masters 2022/23"]
[Site "Hastings"]
[Date "2022.12.31"]
[Round "4.17"]
[White "Oragwu, Chukwunonso"]
[Black "Thompson, Ian D"]
[Result "1-0"]
[WhiteElo "2233"]
[BlackElo "2082"]
[PlyCount "91"]
[EventDate "2022.12.28"]
[EventType "swiss"]
[EventRounds "10"]
[EventCountry "ENG"]

1. e4 e6 2. d4 d5 3. Nd2 Be7 4. Bd3 c5 5. dxc5 Nf6 6. Qe2 O-O 7. Ngf3 a5 8. O-O
Na6 9. e5 Nd7 10. c4 Nb4 11. Bb1 Nxc5 12. Rd1 Qc7 13. Nd4 Nc6 14. N2f3 dxc4 15.
Nxc6 Qxc6 16. Qxc4 Qa4 17. Qe2 Bd7 18. Rd4 Qb5 19. Qc2 g6 20. Bg5 Bxg5 21. Nxg5
Bc6 22. Qd2 Nd7 23. Nxh7 Qxe5 24. Nxf8 Rxf8 25. Be4 Bxe4 26. Rxd7 Bd5 27. Re1
Qf6 28. Rc1 Bc6 29. Rd3 Be4 30. Qc3 Qf5 31. Rh3 e5 32. Qd2 Qf4 33. Qxf4 exf4
34. Rhc3 Bc6 35. f3 Rd8 36. R3c2 Kg7 37. Kf2 Rd6 38. Ke1 Bb5 39. Rd2 Re6+ 40.
Kf2 a4 41. Rc5 Bc6 42. Rd4 a3 43. b3 b6 44. Rc3 Bb5 45. Rd2 Kf6 46. b4 1-0

[Event "Hastings Masters 2022/23"]
[Site "Hastings"]
[Date "2022.12.31"]
[Round "4.19"]
[White "Britton, Richard L"]
[Black "Byron, Alan M"]
[Result "1/2-1/2"]
[WhiteElo "2091"]
[BlackElo "2175"]
[PlyCount "127"]
[EventDate "2022.12.28"]
[EventType "swiss"]
[EventRounds "10"]
[EventCountry "ENG"]

1. e4 c6 2. d4 d5 3. exd5 cxd5 4. Nf3 Nf6 5. Bb5+ Nc6 6. Ne5 Bd7 7. Nxd7 Qxd7
8. O-O e6 9. c3 Bd6 10. Nd2 a6 11. Bd3 Qc7 12. Nf3 h6 13. Qe2 Bf4 14. Bxf4 Qxf4
15. Rae1 Qc7 16. Ne5 Nxe5 17. dxe5 Nd7 18. f4 g6 19. Kh1 O-O-O 20. Rc1 Nb8 21.
c4 d4 22. b4 g5 23. f5 a5 24. a3 Nd7 25. c5 Nxe5 26. c6 bxc6 27. fxe6 fxe6 28.
bxa5 Rhe8 29. Ba6+ Kd7 30. Rce1 Qxa5 31. Qxe5 Qxe5 32. Rxe5 Ra8 33. Bc4 Ra4 34.
Rc1 Kd6 35. Ree1 Rxa3 36. Kg1 Ra5 37. Kf2 Rf8+ 38. Ke2 Rff5 39. Red1 Rae5+ 40.
Kd3 Rf4 41. Re1 Rxe1 42. Rxe1 e5 43. Ra1 Rh4 44. Ra6 Rxh2 45. Bb5 Rxg2 46. Bxc6
Rg3+ 47. Kd2 Kc5 48. Ba8 h5 49. Rc6+ Kb5 50. Re6 Re3 51. Rg6 g4 52. Rg5 g3 53.
Rxh5 Kb6 54. Rg5 Kc7 55. Rg6 Kd7 56. Bc6+ Ke7 57. Bd5 Ke8 58. Kd1 Ke7 59. Kd2
Kf8 60. Rg8+ Ke7 61. Rg6 Kd7 62. Bc6+ Kc7 63. Bd5 Kb8 64. Kd1 1/2-1/2

[Event "Hastings Masters 2022/23"]
[Site "Hastings"]
[Date "2022.12.31"]
[Round "4.20"]
[White "Schimnatkowski, Lukas"]
[Black "Waldhausen Gordon, Frederick"]
[Result "1-0"]
[WhiteElo "2194"]
[BlackElo "2069"]
[PlyCount "49"]
[EventDate "2022.12.28"]
[EventType "swiss"]
[EventRounds "10"]
[EventCountry "ENG"]

1. e4 c5 2. Nc3 g6 3. f4 Bg7 4. Nf3 Nc6 5. Bb5 Nd4 6. O-O Nxb5 7. Nxb5 d6 8. d3
Nf6 9. Qe1 O-O 10. Nc3 Bg4 11. Qh4 Qd7 12. f5 Bxf3 13. Rxf3 h5 14. Bg5 Ng4 15.
Raf1 Bd4+ 16. Kh1 e6 17. h3 Ne5 18. Rg3 Kh7 19. Bf6 Qe8 20. Ne2 Nc6 21. Nxd4
Nxd4 22. Rg5 Kh6 23. Rxh5+ gxh5 24. Qg5+ Kh7 25. Qg7# 1-0

[Event "Hastings Masters 2022/23"]
[Site "Hastings"]
[Date "2022.12.31"]
[Round "4.21"]
[White "O'Gorman, Tom"]
[Black "Chan, Sheng Liang Bernard"]
[Result "1-0"]
[WhiteElo "2376"]
[BlackElo "1986"]
[PlyCount "61"]
[EventDate "2022.12.28"]
[EventType "swiss"]
[EventRounds "10"]
[EventCountry "ENG"]

1. e4 c5 2. Nf3 d6 3. d4 cxd4 4. Nxd4 Nf6 5. Nc3 g6 6. Be3 Bg7 7. f3 O-O 8. Qd2
Nc6 9. O-O-O d5 10. Kb1 Nxd4 11. e5 Nf5 12. exf6 exf6 13. Bc5 d4 14. Bxf8 Qxf8
15. Nb5 Ne3 16. Re1 f5 17. f4 Qc5 18. c3 Be6 19. Nxd4 Nxf1 20. Rhxf1 Bd5 21. g4
Qc4 22. b3 Be4+ 23. Kb2 Qc5 24. gxf5 gxf5 25. Rg1 Kh8 26. Qe3 Rc8 27. Rg3 Qd5
28. Reg1 Bf6 29. Rh3 Bg7 30. Qg3 Rg8 31. Qh4 1-0

[Event "Hastings Masters 2022/23"]
[Site "Hastings"]
[Date "2022.12.31"]
[Round "4.22"]
[White "Royset, Pal"]
[Black "Latzke, Boris"]
[Result "0-1"]
[WhiteElo "2058"]
[BlackElo "2194"]
[PlyCount "78"]
[EventDate "2022.12.28"]
[EventType "swiss"]
[EventRounds "10"]
[EventCountry "ENG"]

1. e4 e5 2. Bc4 Nf6 3. d3 Nc6 4. Nf3 Bc5 5. O-O d6 6. a4 a6 7. c3 O-O 8. Bb3 h6
9. h3 Ba7 10. Be3 d5 11. Bxa7 Rxa7 12. exd5 Nxd5 13. Re1 Nf4 14. d4 exd4 15.
cxd4 Qf6 16. Re4 Nxh3+ 17. gxh3 Qg6+ 18. Rg4 Bxg4 19. hxg4 Qxg4+ 20. Kf1 Raa8
21. Nc3 Rad8 22. d5 Rfe8 23. Ng1 Qh4 24. a5 Re5 25. Ra4 Qe7 26. Nge2 Qd7 27.
Nf4 Ne7 28. Qf3 Nc8 29. Bc2 Nd6 30. Qd3 g6 31. Qd4 Rg5 32. Qf6 Ne8 33. Qd4 Nd6
34. Rb4 Qe7 35. Ne4 Nxe4 36. Bxe4 c5 37. dxc6 Rxd4 38. Rxd4 bxc6 39. Bxc6 Qc5
0-1

[Event "Hastings Masters 2022/23"]
[Site "Hastings"]
[Date "2022.12.31"]
[Round "4.23"]
[White "Hutchinson, Paul A"]
[Black "Arnott, Jonathan W"]
[Result "0-1"]
[WhiteElo "2135"]
[BlackElo "2063"]
[PlyCount "90"]
[EventDate "2022.12.28"]
[EventType "swiss"]
[EventRounds "10"]
[EventCountry "ENG"]

1. d4 e6 2. Bf4 c5 3. e3 cxd4 4. exd4 Qb6 5. b3 Nf6 6. c3 Nc6 7. Nf3 Be7 8. Bd3
Nd5 9. Bd2 Bf6 10. O-O Qc7 11. g3 a6 12. Na3 b5 13. Nc2 Bb7 14. Ne3 Nxe3 15.
fxe3 Qb6 16. Be1 d5 17. Bf2 Ne7 18. a4 O-O 19. Qe2 Bc6 20. a5 Qb7 21. g4 g6 22.
Bg3 Rac8 23. Bd6 Bg7 24. Qf2 Qd7 25. Qg3 f6 26. h4 Rcd8 27. Bf4 Bb7 28. Rac1
Nc6 29. b4 e5 30. dxe5 fxe5 31. Bg5 e4 32. Bxd8 Nxd8 33. Be2 exf3 34. Bxf3 Nc6
35. Rfd1 Ne5 36. Be2 Qc6 37. Kh2 Nc4 38. Kh3 Be5 39. Qg1 Qe6 40. Rf1 Rxf1 41.
Bxf1 h5 42. Bd3 Nxe3 43. Be2 d4 44. cxd4 hxg4+ 45. Bxg4 Nxg4 0-1

[Event "Hastings Masters 2022/23"]
[Site "Hastings"]
[Date "2022.12.31"]
[Round "4.24"]
[White "Jakhria, Kushal"]
[Black "Finn, Peter"]
[Result "0-1"]
[WhiteElo "1726"]
[BlackElo "2123"]
[PlyCount "56"]
[EventDate "2022.12.28"]
[EventType "swiss"]
[EventRounds "10"]
[EventCountry "ENG"]

1. d4 d5 2. c4 c6 3. Nc3 Nf6 4. e3 e6 5. Nf3 Nbd7 6. Be2 Bd6 7. O-O O-O 8. b3
b6 9. Bb2 Bb7 10. Bd3 Qe7 11. e4 dxe4 12. Nxe4 Nxe4 13. Bxe4 Nf6 14. Bb1 c5 15.
Re1 cxd4 16. Bxd4 Bb4 17. Qd3 Rfd8 18. Rd1 e5 19. Nxe5 Bc5 20. Ng4 Bxd4 21.
Nxf6+ Qxf6 22. Qxh7+ Kf8 23. Bf5 g6 24. Bh3 Bxa1 25. Re1 Bd4 26. Rf1 Bxf2+ 27.
Kh1 Be3 28. Re1 Rd2 0-1

[Event "Hastings Masters 2022/23"]
[Site "Hastings"]
[Date "2022.12.31"]
[Round "4.25"]
[White "Payne, Matthew J"]
[Black "Gorgun, Aliriza Atif"]
[Result "1/2-1/2"]
[WhiteElo "2116"]
[BlackElo "1850"]
[PlyCount "126"]
[EventDate "2022.12.28"]
[EventType "swiss"]
[EventRounds "10"]
[EventCountry "ENG"]

1. e4 c5 2. Nc3 Nc6 3. Bb5 Nd4 4. Nf3 a6 5. Bd3 g6 6. O-O Bg7 7. Re1 e6 8. Rb1
Ne7 9. b4 cxb4 10. Nxd4 Bxd4 11. Rxb4 Nc6 12. Rb1 Qf6 13. Qe2 O-O 14. Nd1 b5
15. c3 Be5 16. Bc2 d5 17. d4 Bc7 18. e5 Qh4 19. g3 Qh3 20. f4 f5 21. exf6 Rxf6
22. Nf2 Qh5 23. Qxh5 gxh5 24. Nd3 Ba5 25. Rb3 b4 26. Ne5 Bb7 27. Nxc6 Bxc6 28.
cxb4 Bb6 29. Bb2 Ba4 30. Rc1 Bxb3 31. Bxb3 Kf7 32. Rc6 Rb8 33. Kg2 h4 34. Kf3
hxg3 35. hxg3 h5 36. Bc3 h4 37. gxh4 Rh6 38. Bxd5 Rd8 39. Bb3 Bxd4 40. Be1 Bb2
41. f5 Ke7 42. Bxe6 Ra8 43. Rc7+ Kd8 44. Rd7+ Ke8 45. Bg3 Rd8 46. Rxd8+ Kxd8
47. a4 Bf6 48. Kg4 Rh7 49. b5 axb5 50. axb5 Rb7 51. Bc4 Rd7 52. b6 Rg7+ 53. Kf3
Bd4 54. Bc7+ Rxc7 55. bxc7+ Kxc7 56. Ke4 Bf6 57. h5 Kd6 58. Kf4 Ke7 59. h6 Bd4
60. Kg5 Bc3 61. Kg6 Bb2 62. Be6 Bc3 63. f6+ Bxf6 1/2-1/2

[Event "Hastings Masters 2022/23"]
[Site "Hastings"]
[Date "2022.12.31"]
[Round "4.26"]
[White "Rolvag, Mikael"]
[Black "Jacobs, Robert"]
[Result "1-0"]
[WhiteElo "2110"]
[BlackElo "1905"]
[PlyCount "47"]
[EventDate "2022.12.28"]
[EventType "swiss"]
[EventRounds "10"]
[EventCountry "ENG"]

1. d4 Nf6 2. Nf3 d5 3. c4 dxc4 4. e3 Bg4 5. Bxc4 e6 6. h3 Bh5 7. g4 Bg6 8. Ne5
Nbd7 9. Nxg6 hxg6 10. Bf1 c5 11. Bg2 Qc7 12. Nc3 cxd4 13. exd4 Be7 14. Qe2 Nb6
15. Qb5+ Kf8 16. Qe2 Rd8 17. O-O a6 18. Rd1 Nbd5 19. Qf3 b5 20. Ne2 Nh7 21. Nf4
Nxf4 22. Bxf4 Qb6 23. Rac1 Nf6 24. Bc7 1-0

[Event "Hastings Masters 2022/23"]
[Site "Hastings"]
[Date "2022.12.31"]
[Round "4.27"]
[White "Jukes, Sam"]
[Black "Wilks, Simon"]
[Result "0-1"]
[WhiteElo "1928"]
[BlackElo "2072"]
[PlyCount "68"]
[EventDate "2022.12.28"]
[EventType "swiss"]
[EventRounds "10"]
[EventCountry "ENG"]

1. e4 e6 2. Nf3 d5 3. e5 c5 4. b4 cxb4 5. a3 bxa3 6. d4 Nc6 7. c3 Bd7 8. Bd3 b5
9. O-O b4 10. cxb4 Nxb4 11. Bxa3 a5 12. Qd2 Be7 13. Nc3 Rb8 14. Be2 Nh6 15. Na2
Nc6 16. Nc3 Nb4 17. Na2 Nc6 18. Nc3 Nf5 19. g4 Nh4 20. Nxh4 Bxa3 21. Rxa3 Qxh4
22. Nb5 O-O 23. Nd6 Rb4 24. Rd3 f6 25. f4 fxe5 26. dxe5 Qh6 27. Rff3 Rbxf4 28.
Rh3 Qg5 29. Qc2 Nb4 30. Qc7 Nxd3 31. Qxd7 Rxg4+ 32. Bxg4 Qxg4+ 33. Rg3 Qd1+ 34.
Kg2 Qf1# 0-1

[Event "Hastings Masters 2022/23"]
[Site "Hastings"]
[Date "2022.12.31"]
[Round "4.28"]
[White "Ruane, Brendan J"]
[Black "Hng, Mei-En Emmanuelle"]
[Result "1/2-1/2"]
[WhiteElo "1804"]
[BlackElo "2057"]
[PlyCount "117"]
[EventDate "2022.12.28"]
[EventType "swiss"]
[EventRounds "10"]
[EventCountry "ENG"]

1. e4 d6 2. f4 g6 3. Nf3 Nf6 4. d3 Bg7 5. Be2 c5 6. O-O Nc6 7. Qe1 Qb6 8. Kh1
Bg4 9. Nbd2 Bxf3 10. Bxf3 Nd4 11. Bd1 Qc7 12. c3 Nc6 13. a4 h5 14. Nc4 O-O-O
15. Ne3 e6 16. Bf3 d5 17. e5 Ng8 18. Nc2 Nh6 19. d4 c4 20. Be3 Nf5 21. Bf2 Bh6
22. Bh4 Rdg8 23. Bg5 Na5 24. Ra2 Bf8 25. Qf2 Be7 26. h4 Nc6 27. g3 Qb6 28. Bxe7
Nfxe7 29. Rb1 Na5 30. Na1 Nec6 31. b4 cxb3 32. Rab2 Qc7 33. Nxb3 Nc4 34. Ra2 b6
35. Be2 N6a5 36. Nxa5 Nxa5 37. Ba6+ Kd8 38. Qb2 Re8 39. Qb4 Nc6 40. Qa3 Re7 41.
Rd2 Nb8 42. Be2 Kd7 43. a5 Rc8 44. axb6 axb6 45. Bb5+ Kd8 46. Rc1 Nc6 47. Ra1
Na5 48. Rc1 Nc4 49. Bxc4 dxc4 50. Kh2 Ke8 51. d5 exd5 52. Rxd5 Rd8 53. Rcd1
Rxd5 54. Rxd5 Rd7 55. Qa4 Ke7 56. Rxd7+ Qxd7 57. Qb4+ Ke8 58. Qxc4 Qd2+ 59. Kh3
1/2-1/2

[Event "Hastings Masters 2022/23"]
[Site "Hastings"]
[Date "2022.12.31"]
[Round "4.29"]
[White "Franco, Gaston"]
[Black "Byrn, Carsten"]
[Result "1-0"]
[WhiteElo "2051"]
[BlackElo "1875"]
[PlyCount "55"]
[EventDate "2022.12.28"]
[EventType "swiss"]
[EventRounds "10"]
[EventCountry "ENG"]

1. e4 c5 2. Nf3 d6 3. d4 cxd4 4. Nxd4 Nf6 5. Nc3 Nc6 6. Bc4 e6 7. Bb3 a6 8. O-O
Be7 9. Kh1 O-O 10. f4 Bd7 11. Be3 Qc7 12. Qf3 Nxd4 13. Bxd4 e5 14. fxe5 dxe5
15. Qg3 Nh5 16. Qxe5 Qxe5 17. Bxe5 b5 18. Nd5 Bd8 19. Bd6 Re8 20. Nc7 Bxc7 21.
Bxf7+ Kh8 22. Bxe8 Bxd6 23. Bxh5 Be5 24. Rad1 Be6 25. Bf7 Bg4 26. Rd2 Bxb2 27.
h3 Bc3 28. Rdf2 1-0

[Event "Hastings Masters 2022/23"]
[Site "Hastings"]
[Date "2022.12.31"]
[Round "4.30"]
[White "Southcott-Moyers, Indy"]
[Black "Marusenko, Petr"]
[Result "1/2-1/2"]
[WhiteElo "1870"]
[BlackElo "2041"]
[PlyCount "149"]
[EventDate "2022.12.28"]
[EventType "swiss"]
[EventRounds "10"]
[EventCountry "ENG"]

1. d4 d5 2. c4 c6 3. Nf3 Nf6 4. Qc2 g6 5. Bf4 Bg7 6. e3 Nh5 7. Bxb8 Rxb8 8.
cxd5 Qxd5 9. Nc3 Qd6 10. Bd3 O-O 11. O-O-O Bg4 12. Ne4 Qc7 13. Neg5 Nf6 14. h3
Bxf3 15. gxf3 Qa5 16. f4 Qxa2 17. f5 Qa1+ 18. Kd2 Qa5+ 19. Ke2 e6 20. Ra1 Qd5
21. Bc4 Qxf5 22. Qxf5 gxf5 23. Rxa7 Nd5 24. Bxd5 exd5 25. Kd3 Rfe8 26. Nf3 f4
27. Nh4 fxe3 28. fxe3 Re6 29. Nf5 Kf8 30. Rg1 Rg6 31. Rf1 Ke8 32. Rf4 Bf8 33.
Rf2 Rf6 34. Rf4 Kd7 35. Ra1 Bd6 36. Rf2 Rg8 37. Raf1 Bf8 38. e4 dxe4+ 39. Kxe4
Rgg6 40. Nh4 Rxf2 41. Rxf2 Re6+ 42. Kd3 Rh6 43. Rxf7+ Ke8 44. Rf4 Be7 45. Nf3
Rxh3 46. Ke4 Rg3 47. Rf5 h6 48. Rh5 Bg5 49. Nxg5 hxg5 50. Rh8+ Kd7 51. Rh7+ Kc8
52. d5 cxd5+ 53. Kxd5 Rb3 54. Kd6 Kb8 55. Rg7 Rb5 56. b4 Ka7 57. Kc7 Ka6 58.
Rg6+ b6 59. Kc6 Rxb4 60. Rxg5 Rc4+ 61. Kd6 b5 62. Kd5 Ka5 63. Rg1 Rh4 64. Kc5
Rc4+ 65. Kd5 Rc2 66. Ra1+ Kb6 67. Kd4 b4 68. Kd3 Rc8 69. Kd2 Kb5 70. Rc1 Rh8
71. Kc2 Rh2+ 72. Kb3 Rh3+ 73. Kb2 Ka4 74. Ra1+ Kb5 75. Rc1 1/2-1/2

[Event "Hastings Masters 2022/23"]
[Site "Hastings"]
[Date "2022.12.31"]
[Round "4.31"]
[White "Kumar, Soham"]
[Black "Dette, Jan"]
[Result "1-0"]
[WhiteElo "1844"]
[BlackElo "2037"]
[PlyCount "71"]
[EventDate "2022.12.28"]
[EventType "swiss"]
[EventRounds "10"]
[EventCountry "ENG"]

1. e4 e6 2. d4 d5 3. Nc3 Nf6 4. e5 Nfd7 5. Nce2 c5 6. c3 Nc6 7. Nf3 Be7 8. a3
b5 9. Nf4 c4 10. h4 Na5 11. Be3 Nb3 12. Rb1 a5 13. Ng5 Bxg5 14. hxg5 Nf8 15.
Qc2 Rg8 16. g3 Qe7 17. Bg2 Bb7 18. Nh5 Bc6 19. f4 b4 20. axb4 axb4 21. f5 exf5
22. Qxf5 Ne6 23. O-O bxc3 24. bxc3 Rh8 25. Rb2 Kd8 26. Qxf7 Qxf7 27. Rxf7 Be8
28. Rf1 Bxh5 29. Bxd5 Ke7 30. Bxa8 Rxa8 31. d5 Nd8 32. Rf4 Rc8 33. Ra2 Nf7 34.
Ra7+ Ke8 35. d6 Rc6 36. Re7+ 1-0